[Event "Quebec-ch U20"]
[Site "Montreal"]
[Date "2007.04.21"]
[Round "3"]
[White "Benoit Deschamps, Jean Marc"]
[Black "Ye, Ling Feng"]
[Result "1/2-1/2"]
[WhiteElo "2086"]
[BlackElo "2134"]
[PlyCount "108"]
[EventDate "2007.04.20"]
[EventType "swiss"]
[EventRounds "5"]
[EventCountry "CAN"]
[SourceTitle "EXT 2022"]
[Source "ChessBase"]
[SourceDate "2021.10.06"]
[SourceVersion "1"]
[SourceVersionDate "2021.10.06"]
[SourceQuality "1"]

1. d4 d5 2. c4 e6 3. Nc3 Nf6 4. cxd5 exd5 5. Bg5 Be7 6. e3 0-0 7. Bd3 c6 8. Qc2 Nbd7 9. Nf3 Re8 10. 0-0 Nf8 11. h3 Be6 12. Rfe1 Ng6 13. Rab1 Ne4 14. Bxe7 Rxe7 15. b4 Nxc3 16. Qxc3 Rc7 17. Rec1 Qf6 18. Kh2 Rac8 19. Rb2 Bd7 20. Rbc2 Qd6+ 21. Kh1 Qf6 22. Ne5 Nxe5 23. dxe5 Qh4 24. Qd4 Qxd4 25. exd4 g6 26. f4 h5 27. Rf1 Bf5 28. Bxf5 gxf5 29. Rf3 h4 30. g4 hxg3 31. Rxg3+ Kf8 32. Rg5 a5 33. bxa5 c5 34. dxc5 Rxc5 35. Rxc5 Rxc5 36. Rxf5 Ke7 37. Rf6 Rxa5 38. Rb6 Rxa2 39. Rxb7+ Ke8 40. Rb8+ Ke7 41. Rb7+ Ke8 42. Rb4 Ke7 43. Kg1 Re2 44. h4 Kf8 45. Rd4 Kg7 46. Kf1 Rb2 47. f5 Kh6 48. Rxd5 Rb4 49. Kg2 Rf4 50. e6 fxe6 51. fxe6 Rxh4 52. Kf3 Kg6 53. Re5 Rh8 54. Ke4 Kf6 1/2-1/2

[Event "Laval op 22nd"]
[Site "Laval "]
[Date "2006.11.26"]
[Round "3"]
[White "Benoit Deschamps, Jean Marc"]
[Black "Anastasovski, Nikola"]
[Result "1-0"]
[WhiteElo "2095"]
[BlackElo "2176"]
[PlyCount "137"]
[EventDate "2006.11.24"]
[EventType "swiss"]
[EventRounds "5"]
[EventCountry "CAN"]
[SourceTitle "EXT 2008"]
[Source "ChessBase"]
[SourceDate "2007.11.25"]
[SourceVersion "1"]
[SourceVersionDate "2007.11.25"]
[SourceQuality "1"]

1. d4 f5 2. Nc3 e6 3. e4 Bb4 4. exf5 exf5 5. Bd3 Qf6 6. Nf3 Qe6+ 7. Be2 Ne7 8. 0-0 Bxc3 9. bxc3 0-0 10. c4 d6 11. Bb2 Nd7 12. Re1 h6 13. Bd3 Qf7 14. Qd2 Nf6 15. Re2 Bd7 16. Rae1 Ng6 17. d5 b6 18. Nd4 Ne5 19. Nxf5 Nfg4 20. Bxe5 Bxf5 21. Bg3 Bxd3 22. Re7 Qf6 23. cxd3 Rf7 24. Rxf7 Qxf7 25. Re6 Re8 26. Qe2 Nf6 27. f4 Kf8 28. d4 Nh5 29. Rxe8+ Qxe8 30. Qxe8+ Kxe8 31. Kf2 Nf6 32. Kf3 h5 33. f5 a6 34. Bh4 Nd7 35. Kf4 b5 36. cxb5 axb5 37. Kg5 Nb6 38. Kg6 Kf8 39. Kxh5 Nxd5 40. Kg4 Ne3+ 41. Kg5 Nc2 42. Kg6 Nxd4 43. f6 Ne6 44. Bg3 gxf6 45. Kxf6 Nc5 46. Be1 Ke8 47. h4 Nd7+ 48. Kg7 d5 49. h5 d4 50. h6 Nf8 51. h7 Nxh7 52. Kxh7 Kf7 53. g4 Kf6 54. Bh4+ Ke5 55. g5 c5 56. g6 d3 57. Be1 b4 58. g7 Ke4 59. g8Q Ke3 60. Qc4 Ke2 61. Bxb4 cxb4 62. Qxb4 d2 63. a4 d1Q 64. Qg4+ Kd2 65. Qxd1+ Kxd1 66. a5 Kc2 67. a6 Kd3 68. a7 Kc4 69. a8Q 1-0

[Event "Quebec-ch"]
[Site "Montreal"]
[Date "2006.09.14"]
[Round "6"]
[White "Benoit Deschamps, Jean Marc"]
[Black "Ye, Ling Feng"]
[Result "1/2-1/2"]
[WhiteElo "2115"]
[BlackElo "2103"]
[PlyCount "72"]
[EventDate "2006.09.08"]
[EventType "tourn"]
[EventRounds "9"]
[EventCountry "CAN"]
[EventCategory "1"]
[SourceTitle "EXT 2007"]
[Source "ChessBase"]
[SourceDate "2006.11.23"]
[SourceVersion "1"]
[SourceVersionDate "2006.11.23"]
[SourceQuality "1"]

1. d4 Nf6 2. c4 g6 3. Nc3 d5 4. cxd5 Nxd5 5. e4 Nxc3 6. bxc3 Bg7 7. Nf3 c5 8. Rb1 0-0 9. Be2 cxd4 10. cxd4 Qa5+ 11. Bd2 Qxa2 12. 0-0 Bg4 13. Bg5 h6 14. Be3 Nc6 15. d5 Ne5 16. Rxb7 Bxf3 17. Bxf3 e6 18. Qe2 Nxf3+ 19. Qxf3 exd5 20. exd5 Qa6 21. Rfb1 Qf6 22. Qxf6 Bxf6 23. Bxa7 Rfd8 24. Rd1 Rd6 25. Rb8+ Rxb8 26. Bxb8 Rd7 27. d6 Be5 28. g3 g5 29. Kg2 Kg7 30. Kf3 Kf6 31. Ke4 Ke6 32. f4 f5+ 33. Ke3 Bxd6 34. Rxd6+ Rxd6 35. Bxd6 Kxd6 36. Kd4 g4 1/2-1/2

[Event "Quebec-ch"]
[Site "Montreal"]
[Date "2006.09.12"]
[Round "5"]
[White "Chabot, Roland"]
[Black "Benoit Deschamps, Jean Marc"]
[Result "1-0"]
[WhiteElo "2316"]
[BlackElo "2115"]
[PlyCount "41"]
[EventDate "2006.09.08"]
[EventType "tourn"]
[EventRounds "9"]
[EventCountry "CAN"]
[EventCategory "1"]
[SourceTitle "EXT 2007"]
[Source "ChessBase"]
[SourceDate "2006.11.23"]
[SourceVersion "1"]
[SourceVersionDate "2006.11.23"]
[SourceQuality "1"]

1. d4 Nf6 2. c4 c5 3. d5 e6 4. Nc3 exd5 5. cxd5 d6 6. e4 g6 7. Bd3 Bg7 8. h3 0-0 9. Nf3 Nh5 10. Bg5 Bf6 11. Bh6 Re8 12. 0-0 Nd7 13. Be2 g5 14. e5 dxe5 15. Ne4 Nf4 16. Nfxg5 Nf8 17. Bb5 Bd7 18. Bxd7 Nxd7 19. Qg4 Ng6 20. Qxd7 Bxg5 21. Bxg5 1-0

[Event "Quebec-ch U20"]
[Site "Montreal"]
[Date "2006.01.08"]
[Round "5"]
[White "Benoit Deschamps, Jean Marc"]
[Black "Ye, Ling Feng"]
[Result "1/2-1/2"]
[WhiteElo "2046"]
[BlackElo "2058"]
[PlyCount "40"]
[EventDate "2006.01.06"]
[EventType "tourn"]
[EventRounds "5"]
[EventCountry "CAN"]
[SourceTitle "EXT 2007"]
[Source "ChessBase"]
[SourceDate "2006.11.23"]
[SourceVersion "1"]
[SourceVersionDate "2006.11.23"]
[SourceQuality "1"]

1. d4 Nf6 2. c4 g6 3. Nc3 d5 4. cxd5 Nxd5 5. e4 Nxc3 6. bxc3 Bg7 7. Nf3 c5 8. Rb1 0-0 9. Be2 cxd4 10. cxd4 Qa5+ 11. Bd2 Qxa2 12. 0-0 Bg4 13. Bg5 h6 14. Be3 Nc6 15. d5 Bxf3 16. Bxf3 Ne5 17. Rxb7 e6 18. Qe2 Nxf3+ 19. Qxf3 exd5 20. exd5 Qa6 1/2-1/2

[Event "Quebec-ch U20"]
[Site "Montreal"]
[Date "2006.01.06"]
[Round "1"]
[White "Ramaswamy, Kishor"]
[Black "Benoit Deschamps, Jean Marc"]
[Result "1/2-1/2"]
[WhiteElo "2103"]
[BlackElo "2046"]
[PlyCount "103"]
[EventDate "2006.01.06"]
[EventType "tourn"]
[EventRounds "5"]
[EventCountry "CAN"]
[SourceTitle "EXT 2007"]
[Source "ChessBase"]
[SourceDate "2006.11.23"]
[SourceVersion "1"]
[SourceVersionDate "2006.11.23"]
[SourceQuality "1"]

1. d4 Nf6 2. Nf3 c5 3. c3 b6 4. Bf4 g6 5. e3 Bg7 6. Nbd2 0-0 7. h3 d6 8. Bc4 Bb7 9. 0-0 h6 10. Qc2 Bd5 11. Bxd5 Nxd5 12. Bh2 Nd7 13. e4 Nc7 14. Rfe1 e5 15. dxe5 Nxe5 16. Nxe5 dxe5 17. Nc4 Qe7 18. Rad1 Rfd8 19. Rxd8+ Rxd8 20. Rd1 Rxd1+ 21. Qxd1 b5 22. Ne3 c4 23. Kf1 Kf8 24. Ke2 Ke8 25. Nd5 Nxd5 26. Qxd5 Qd7 27. Qxd7+ Kxd7 28. f3 Kc6 29. b3 cxb3 30. axb3 a5 31. Kd3 f6 32. Bg1 Bf8 33. Be3 h5 34. c4 Bc5 35. Bd2 Kb6 36. g4 a4 37. bxa4 bxa4 38. Kc2 Bd4 39. Bb4 Bc5 40. Bd2 Kc6 41. gxh5 gxh5 42. Kb1 Kd6 43. Ka2 Ke6 44. Be1 f5 45. Bh4 fxe4 46. fxe4 Kd6 47. Be1 Kc6 48. Bd2 Kb6 49. Be1 Be7 50. Bf2+ Ka5 51. Be1+ Bb4 52. Bf2 1/2-1/2

[Event "Mauricie op"]
[Site "Trois Rivieres"]
[Date "2006.??.??"]
[Round "3"]
[White "Benoit Deschamps, Jean Marc"]
[Black "Forget, David"]
[Result "1-0"]
[WhiteElo "2112"]
[BlackElo "1969"]
[PlyCount "45"]
[EventDate "2006.03.17"]
[EventType "swiss"]
[EventRounds "5"]
[EventCountry "CAN"]
[SourceTitle "EXT 2007"]
[Source "ChessBase"]
[SourceDate "2006.11.23"]
[SourceVersion "1"]
[SourceVersionDate "2006.11.23"]
[SourceQuality "1"]

1. d4 d5 2. c4 c6 3. Nf3 dxc4 4. a4 e6 5. Nc3 Bb4 6. e4 b5 7. Be2 Bb7 8. 0-0 Nd7 9. axb5 Bxc3 10. bxc6 Bxc6 11. bxc3 Bxe4 12. Bxc4 Ne7 13. Re1 Bd5 14. Bxd5 Nxd5 15. c4 Ne7 16. d5 0-0 17. dxe6 fxe6 18. Rxe6 Nc5 19. Qxd8 Raxd8 20. Rxe7 Rd1+ 21. Re1 Rxe1+ 22. Nxe1 Rd8 23. Be3 1-0

[Event "Quebec-ch sf"]
[Site "Montreal"]
[Date "2005.06.12"]
[Round "4"]
[White "Bekteshi, Muhamet"]
[Black "Benoit Deschamps, Jean Marc"]
[Result "1-0"]
[WhiteElo "2164"]
[BlackElo "1873"]
[PlyCount "45"]
[EventDate "2005.06.10"]
[EventType "swiss"]
[EventRounds "5"]
[EventCountry "CAN"]
[SourceTitle "EXT 2007"]
[Source "ChessBase"]
[SourceDate "2006.11.23"]
[SourceVersion "1"]
[SourceVersionDate "2006.11.23"]
[SourceQuality "1"]

1. d4 Nf6 2. Nf3 e6 3. c4 c5 4. e3 d5 5. Nc3 Nc6 6. cxd5 exd5 7. Be2 cxd4 8. Nxd4 Bc5 9. 0-0 Bxd4 10. exd4 Qb6 11. Bg5 Be6 12. Bxf6 gxf6 13. Bb5 Rg8 14. Re1 0-0-0 15. Bxc6 bxc6 16. Na4 Qc7 17. Rc1 Bh3 18. g3 f5 19. Re3 Rg6 20. Qe2 f4 21. Qa6+ Kb8 22. Rb3+ Ka8 23. Nb6+ 1-0

[Event "Quebec-ch sf"]
[Site "Montreal"]
[Date "2005.06.11"]
[Round "3"]
[White "Benoit Deschamps, Jean Marc"]
[Black "Bolduc, Steve"]
[Result "1/2-1/2"]
[WhiteElo "1873"]
[BlackElo "2233"]
[PlyCount "106"]
[EventDate "2005.06.10"]
[EventType "swiss"]
[EventRounds "5"]
[EventCountry "CAN"]
[SourceTitle "EXT 2007"]
[Source "ChessBase"]
[SourceDate "2006.11.23"]
[SourceVersion "1"]
[SourceVersionDate "2006.11.23"]
[SourceQuality "1"]

1. d4 Nf6 2. c4 e6 3. Nc3 Bb4 4. e3 b6 5. Nge2 c5 6. a3 Ba5 7. Rb1 Na6 8. f3 d5 9. b4 cxb4 10. axb4 Nxb4 11. Rxb4 Bxb4 12. Qa4+ Bd7 13. Qxb4 a5 14. Qb1 0-0 15. cxd5 Nxd5 16. Nxd5 exd5 17. Nc3 Re8 18. Bd3 Rc8 19. Nb5 Qh4+ 20. g3 Bxb5 21. gxh4 Bxd3 22. Qb2 Rc2 23. Qa3 Bc4 24. Bd2 Ra2 25. Qc1 b5 26. Rg1 b4 27. e4 g6 28. h5 b3 29. hxg6 hxg6 30. Qb1 a4 31. e5 Rc2 32. Kd1 Bd3 33. Bb4 Be2+ 34. Ke1 Bxf3 35. Qxc2 bxc2 36. Kd2 Bd1 37. Rg3 Rb8 38. Ba3 Rb3 39. Rxb3 axb3 40. Kc3 f6 41. exf6 Kf7 42. Bc1 Kxf6 43. Kxb3 Kf5 44. Kc3 Kg4 45. Kb2 Kf3 46. Bg5 Kg2 47. Bf4 Kh3 48. Kc1 Kg4 49. Be5 Kf3 50. Bg3 Ke4 51. Be5 Kd3 52. Bg7 g5 53. Bf6 Kc3 1/2-1/2

[Event "Quebec-ch sf"]
[Site "Montreal"]
[Date "2005.06.11"]
[Round "2"]
[White "Benoit Deschamps, Jean Marc"]
[Black "Tomb, Maroun"]
[Result "1/2-1/2"]
[WhiteElo "1873"]
[BlackElo "2164"]
[PlyCount "89"]
[EventDate "2005.06.10"]
[EventType "swiss"]
[EventRounds "5"]
[EventCountry "CAN"]
[SourceTitle "EXT 2007"]
[Source "ChessBase"]
[SourceDate "2006.11.23"]
[SourceVersion "1"]
[SourceVersionDate "2006.11.23"]
[SourceQuality "1"]

1. d4 Nf6 2. c4 d6 3. Nc3 Nbd7 4. e4 e5 5. d5 Nc5 6. Bg5 Be7 7. Bxf6 Bxf6 8. b4 Nd7 9. Nf3 0-0 10. Nd2 Bg5 11. Nb3 g6 12. c5 f5 13. Bc4 Nf6 14. Qe2 fxe4 15. Nxe4 Nxe4 16. Qxe4 Rf4 17. Qe2 Bg4 18. f3 Bh4+ 19. Kd1 Bh5 20. g4 e4 21. gxh5 exf3 22. Qe6+ Kg7 23. Bd3 Qg5 24. hxg6 hxg6 25. Kc2 f2 26. Nd2 Raf8 27. Ne4 Qg2 28. Raf1 R8f7 29. Ng3 Bf6 30. cxd6 cxd6 31. Be4 Rc7+ 32. Kb1 Qf3 33. Qxf6+ Rxf6 34. Bxf3 Rxf3 35. Ne4 Rc4 36. Nxd6 Rxb4+ 37. Ka1 Kf6 38. Rd1 Ke5 39. Nc8 Rd4 40. Rdf1 Rd2 41. d6 Ke6 42. h4 Ra3 43. Ne7 Raxa2+ 44. Kb1 a5 45. Nxg6 1/2-1/2

[Event "Quebec-op U2000"]
[Site "Montreal"]
[Date "2004.07.24"]
[Round "9"]
[White "Benoit Deschamps, Jean Marc"]
[Black "Julien, Gabi"]
[Result "0-1"]
[WhiteElo "1903"]
[BlackElo "1778"]
[PlyCount "102"]
[EventDate "2004.07.??"]
[EventType "swiss"]
[EventRounds "9"]
[EventCountry "CAN"]
[SourceTitle "EXT 2006"]
[Source "ChessBase"]
[SourceDate "2005.11.24"]
[SourceVersion "1"]
[SourceVersionDate "2005.11.24"]
[SourceQuality "1"]

1. d4 Nf6 2. c4 g6 3. Nc3 Bg7 4. e4 d6 5. f4 0-0 6. Nf3 c5 7. d5 e6 8. Be2 exd5 9. cxd5 Re8 10. Nd2 a6 11. a4 Ng4 12. Bxg4 Qh4+ 13. g3 Qxg4 14. Qxg4 Bxg4 15. h3 Bc8 16. Kf2 Nd7 17. Kf3 Rb8 18. Nc4 Bf8 19. a5 b5 20. axb6 Nxb6 21. Na5 Na8 22. e5 dxe5 23. Ne4 Bg7 24. Ra3 Nc7 25. Nc6 Rb5 26. Nd6 Bb7 27. Nxe8 Nxe8 28. fxe5 Nc7 29. Rd1 Nxd5 30. Nd8 Nc3+ 31. Nxb7 Nxd1 32. Nd6 Rb6 33. Ra2 Bxe5 34. Nc4 Rb3+ 35. Ke2 Bxb2 36. Bxb2 Nxb2 37. Rxb2 Rxg3 38. Rb6 Rxh3 39. Rxa6 Rh4 40. Ne3 h5 41. Rc6 Rf4 42. Rxc5 Kg7 43. Ng2 Re4+ 44. Kf3 Re6 45. Nf4 Rf6 46. Kg3 Kh6 47. Nh3 Ra6 48. Rc7 f6 49. Rc8 Ra3+ 50. Kg2 g5 51. Rh8+ Kg6 0-1

[Event "Quebec-ch sf"]
[Site "Montreal"]
[Date "2004.06.19"]
[Round "2"]
[White "Benoit Deschamps, Jean Marc"]
[Black "Berube, Antoine"]
[Result "1-0"]
[WhiteElo "1859"]
[BlackElo "2011"]
[PlyCount "119"]
[EventDate "2004.06.??"]
[EventType "swiss"]
[EventRounds "5"]
[EventCountry "CAN"]
[SourceTitle "EXT 2006"]
[Source "ChessBase"]
[SourceDate "2005.11.24"]
[SourceVersion "1"]
[SourceVersionDate "2005.11.24"]
[SourceQuality "1"]

1. d4 d5 2. c4 c6 3. cxd5 cxd5 4. Nc3 Nf6 5. Bf4 Nc6 6. e3 a6 7. Bd3 Qb6 8. Qd2 e6 9. Nf3 Be7 10. 0-0 0-0 11. Rac1 h6 12. a3 Qd8 13. Na4 Bd7 14. Nc5 Bxc5 15. Rxc5 Qe7 16. Rfc1 Rfc8 17. Ne5 Nh5 18. Nxd7 Qxd7 19. Bg3 Nxg3 20. hxg3 Ne7 21. Qb4 Rc6 22. R1c3 Rac8 23. Qa4 R8c7 24. Kf1 Qc8 25. b4 g6 26. Ke2 Kg7 27. Qc2 Qd8 28. Rxc6 Rxc6 29. Rxc6 Nxc6 30. Qc5 Qd7 31. a4 Qe7 32. b5 Qxc5 33. dxc5 axb5 34. axb5 Nb8 35. e4 Kf6 36. exd5 exd5 37. Ke3 Ke6 38. Kd4 Nd7 39. Bb1 b6 40. c6 Nf6 41. Ba2 Kd6 42. f3 g5 43. g4 h5 44. gxh5 Nxh5 45. Bxd5 f5 46. Bc4 Nf4 47. g4 fxg4 48. fxg4 Ng6 49. Ke4 Ne7 50. Bf7 Kc5 51. Ke5 Kxb5 52. Kd6 Nc8+ 53. Kd7 Na7 54. c7 Kc5 55. c8Q+ Nxc8 56. Kxc8 Kd4 57. Kc7 b5 58. Kc6 b4 59. Kb5 Kc3 60. Ka4 1-0

[Event "Montreal Pere Noel op U2000"]
[Site "Montreal"]
[Date "2004.??.??"]
[Round "3"]
[White "Malek, Omid"]
[Black "Benoit Deschamps, Jean Marc"]
[Result "1-0"]
[WhiteElo "1966"]
[BlackElo "1876"]
[PlyCount "65"]
[EventDate "2004.12.??"]
[EventType "swiss"]
[EventRounds "5"]
[EventCountry "CAN"]
[SourceTitle "EXT 2006"]
[Source "ChessBase"]
[SourceDate "2005.11.24"]
[SourceVersion "1"]
[SourceVersionDate "2005.11.24"]
[SourceQuality "1"]

1. e4 c5 2. Nf3 d6 3. d4 cxd4 4. Nxd4 Nf6 5. Nc3 g6 6. Be3 Bg7 7. f3 Nc6 8. Qd2 0-0 9. 0-0-0 d5 10. exd5 Nxd5 11. Nxc6 bxc6 12. Bd4 e6 13. Bxg7 Kxg7 14. Bc4 Qf6 15. Bxd5 exd5 16. h4 h5 17. Rdg1 Rh8 18. Ne2 Rb8 19. c3 a5 20. Nf4 a4 21. g4 a3 22. b3 hxg4 23. fxg4 Rxh4 24. Rxh4 Qxh4 25. Qd4+ Kf8 26. g5 Qh2 27. Rg2 Qh1+ 28. Kd2 Rxb3 29. axb3 a2 30. Re2 a1Q 31. Nxg6+ Kg8 32. Re8+ Kh7 33. Rh8+ 1-0

[Event "Quebec-ch classe U2000"]
[Site "Repentigny"]
[Date "2003.11.23"]
[Round "4"]
[White "Benoit Deschamps, Jean Marc"]
[Black "Lalonde, Jean Louis"]
[Result "0-1"]
[WhiteElo "1818"]
[BlackElo "1847"]
[PlyCount "162"]
[EventDate "2003.11.21"]
[EventType "swiss"]
[EventRounds "5"]
[EventCountry "CAN"]
[SourceTitle "EXT 2022"]
[Source "ChessBase"]
[SourceDate "2021.10.06"]
[SourceVersion "1"]
[SourceVersionDate "2021.10.06"]
[SourceQuality "1"]

1. d4 Nf6 2. c4 g6 3. Nc3 Bg7 4. e4 0-0 5. e5 Ne8 6. f4 d6 7. Nf3 Bg4 8. Be2 c5 9. dxc5 Nc6 10. cxd6 exd6 11. exd6 Nxd6 12. 0-0 Bxc3 13. bxc3 Qb6+ 14. Kh1 Ne4 15. Qb3 Nf2+ 16. Kg1 Nh3+ 17. Kh1 Nf2+ 18. Kg1 Ne4+ 19. Qxb6 axb6 20. Bb2 Nd2 21. Rfd1 Nxf3+ 22. Bxf3 Bxf3 23. gxf3 Na5 24. Rd4 Rfc8 25. Rb1 Nxc4 26. a3 Nxb2 27. Rxb2 Rxc3 28. a4 Rxf3 29. Rxb6 Ra3 30. Rxb7 R8xa4 31. Rbb4 Rxb4 32. Rxb4 Ra2 33. Rb5 Kg7 34. Rb4 h6 35. Rc4 h5 36. h3 Kf6 37. Rb4 Kf5 38. Rc4 Re2 39. Rc7 f6 40. Rf7 Re4 41. Kg2 Rxf4 42. Kg3 Ra4 43. Rb7 h4+ 44. Kg2 Kf4 45. Rb2 f5 46. Rf2+ Kg5 47. Rb2 Ra3 48. Rb4 Re3 49. Ra4 Re2+ 50. Kg1 Re4 51. Ra6 Kh5 52. Ra8 g5 53. Rh8+ Kg6 54. Rg8+ Kf6 55. Rh8 Ke5 56. Kf2 Kf4 57. Rh7 Ra4 58. Rg7 Ra2+ 59. Kg1 g4 60. hxg4 fxg4 61. Rb7 h3 62. Rb4+ Kg3 63. Rb3+ Kh4 64. Rb4 Ra1+ 65. Kh2 Ra2+ 66. Kg1 Rg2+ 67. Kh1 Re2 68. Kg1 Kg3 69. Rb3+ Kf4 70. Rb4+ Kf3 71. Rb3+ Re3 72. Rb1 g3 73. Rf1+ Ke2 74. Rf8 Re4 75. Rf7 Rd4 76. Re7+ Kf3 77. Rf7+ Rf4 78. Ra7 Rf5 79. Ra3+ Kg4 80. Ra4+ Rf4 81. Ra8 h2+ 0-1

[Event "Quebec-ch classe U2000"]
[Site "Repentigny"]
[Date "2003.11.21"]
[Round "1"]
[White "Gilbert, Erick"]
[Black "Benoit Deschamps, Jean Marc"]
[Result "1/2-1/2"]
[WhiteElo "1949"]
[BlackElo "1818"]
[PlyCount "84"]
[EventDate "2003.11.21"]
[EventType "swiss"]
[EventRounds "5"]
[EventCountry "CAN"]
[SourceTitle "EXT 2022"]
[Source "ChessBase"]
[SourceDate "2021.10.06"]
[SourceVersion "1"]
[SourceVersionDate "2021.10.06"]
[SourceQuality "1"]

1. Nf3 c5 2. b3 d6 3. e3 Nc6 4. Bb2 e6 5. d4 cxd4 6. exd4 Nf6 7. Nbd2 Be7 8. a3 a5 9. Bb5 0-0 10. a4 Bd7 11. c3 Rc8 12. 0-0 Na7 13. Bd3 Nd5 14. c4 Nb4 15. Bb1 d5 16. Ne5 Bf6 17. Re1 Nac6 18. Re3 g6 19. Rh3 Nxe5 20. dxe5 Bg7 21. Bc3 Qc7 22. f4 Qc5+ 23. Kh1 Bc6 24. Bb2 Rfd8 25. Qe2 Rd7 26. Rc3 Qf8 27. Bd3 Rcd8 28. Nf3 dxc4 29. Bxc4 Nd5 30. Bxd5 Bxd5 31. Ba3 Bxf3 32. Rxf3 Qe8 33. Rff1 Rd2 34. Qf3 R8d7 35. Qc3 b6 36. Rac1 Bf8 37. Bxf8 Qxf8 38. Qe3 Qb4 39. Rc4 Qa3 40. h3 R7d3 41. Qxb6 Qxb3 42. Qxb3 Rxb3 1/2-1/2